|
|
|
|
| LEADER |
00806nab#a2200289#ar4500 |
| 001 |
000043913 |
| 003 |
SVKKK |
| 005 |
00000000000000.0 |
| 008 |
c xo e sloo |
| FMT |
|
|
|
| 038 |
|
|
|a SVKKK
|
| 040 |
|
|
|a SVKKK
|b slo
|e AACR2
|
| 041 |
0 |
|
|a slo
|
| 044 |
|
|
|a xo
|c SK
|
| 080 |
|
|
|a 6
|2 1981
|
| 090 |
|
|
|a ŠVK K
|
| 100 |
0 |
|
|a bi
|4 aut
|
| 245 |
1 |
0 |
|a Nová odroda pšenice sa volá "Torysa" :
|b Zachmúrené nebo nad šľachtiteľmi
|c bi ,
|
| 650 |
0 |
4 |
|a Šľachtiteľská stanica, Malý Šariš (PO)
|z Torysa (pšenica ozimná)
|x odroda vyšľachtená
|x výnosy
|x informácie
|
| 773 |
0 |
|
|t Slovenský východ
|g Roč. 3/22, č. 8(1993), dát. 0112, s. 2
|
| 957 |
|
|
|a Malý Šariš
|
| 958 |
|
|
|a PO
|
| 974 |
|
|
|d 000801
|a Mi
|
| 992 |
|
|
|a RBX
|
| BAS |
|
|
|
| 852 |
|
|
|a SVKKK
|b BIB
|
| 998 |
|
|
|a REG
|